El paraíso perdido

Spremljeno u:
Bibliografski detalji
Glavni autor: Milton, John (autor)
Format: Knjiga
Jezik:španjolski
Izdano: Ciudad de México UTEHA 1949
Teme:
Oznake: Dodaj oznaku
Bez oznaka, Budi prvi tko označuje ovaj zapis!

MARC

LEADER 00000nam a2200000 a 4500
001 UCY7158
003 CL-VaPUC
008 950609e19490000MX |||||||||||||||||spa|d
082 0 4 |a 821  |b MIL  |2 21 
100 |a Milton, John  |e autor  |9 337433 
245 1 3 |a El paraíso perdido 
300 |a 281 p 
942 |c BK 
945 |d 19950609 00:00:00  |a rbrito 
260 |a Ciudad de México  |b UTEHA  |c 1949 
650 0 |a Poesías inglesas  |9 265094 
583 |a last modification  |c 19950609 00:00:00  |k Rodrigo Vera 
999 |c 234594  |d 234592 
952 |0 0  |1 0  |4 0  |6 821_000000000000000_MIL_1949  |7 0  |8 A  |9 241139  |a BIBART  |b BIBART  |d 2019-11-18  |i 2003260  |o 821 MIL 1949  |p 2003260  |r 2025-03-13  |w 2019-11-18  |y BK  |k ART